Loading...
When breath becomes air
| Main Author: | |
|---|---|
| Format: | Printed Book |
| Published: |
U.K
Penguin Random House
2016
|
| Subjects: |
| LEADER | 00519nam a22001697a 4500 | ||
|---|---|---|---|
| 003 | OSt | ||
| 020 | |a 9781847923677 | ||
| 082 | |a 926 |b PAU/WH | ||
| 100 | |a Paul Kalanithi | ||
| 245 | |a When breath becomes air | ||
| 260 | |a U.K |b Penguin Random House |c 2016 | ||
| 300 | |a 228p. | ||
| 546 | |a English | ||
| 650 | |a Memoris | ||
| 942 | |2 ddc |c BK | ||
| 999 | |c 160481 |d 160481 | ||
| 952 | |0 0 |1 0 |2 ddc |4 0 |6 926_000000000000000_PAUWH |7 0 |8 Gen |9 159206 |a KAUCLV |b KAUCLV |c GENERAL |d 2018-05-21 |g 599.00 |l 5 |m 2 |o 926 PAU/WH |p 228062 |r 2019-12-29 |s 2019-12-29 |y BK | ||